| 000 | 00614cab a2200217 4500 | ||
|---|---|---|---|
| 001 | WB3101-33 | ||
| 008 | 090401t1995 xxu||||| |||| 00| 0 eng d | ||
| 035 | _a(Sirsi) u61510 | ||
| 041 | _aeng | ||
| 245 | _aMoD aims homes sale of the century | ||
| 260 | _c1995 | ||
| 350 | _a0 | ||
| 490 |
_aSunday Times _v1 January 1995, 2:1(1) |
||
| 520 | _aThe MoD is to appoint a merchant bank to advise on the sale of its 68000 married quarters homes valued at £3.5bn. | ||
| 650 | _aDEFENCE PROPERTY | ||
| 650 | _aMARRIED QUARTERS | ||
| 650 | _aMOD ESTATE | ||
| 690 | _aLAND | ||
| 942 | _n0 | ||
| 948 | _c04/03/1997 | ||
| 999 |
_c38122 _d38122 |
||